Riesgo cardiovascular de la mujer menopáusica (Registro nro. 308159)

Detalles MARC
000 -ENCABEZADO
Número de control [NR] 01098cam a2200265 a 4500
001 - NÚMERO DE CONTROL
control field C01282670c-0
005 - FECHA Y HORA DE LA ÚLTIMA TRANSACCIÓN
control field 20180118154102.0
008 - DE LONGITUD FIJA DE DATOS DE ELEMENTOS - INFORMACIÓN GENERAL
Elementos de longitud fija [NR] 110808s2010 ck a gr 00110 spa d
020 ## - NUMERO INTERNACIONAL NORMALIZADO PARA LIBROS [R]
Número Internacional Normalizado del libro [NR] 9789589839317
040 ## - FUENTE DE CATALOGACION [NR]
Agencia de catalogación original [NR] CO-BoUCM
Idioma de catalogación [NR] spa
Quien Cataloga Sandra Palacio
Quien Clasifica Sandra Palacio
041 0# - CODIGO DE IDIOMA [R]
Código de idioma para texto/pista de sonido o título separado [R] Español
060 ## - SIGNATURA TOPOGRAFICA DE LA BIBLIOTECA NACIONAL DE MEDICINA (NLM) [R]
Número clasificador [R] WG 120
100 1# - ASIENTO PRINCIPAL--NOMBRE PERSONAL [NR]
Nombre personal [NR] Melgarejo Rojas, Enrique
ID Autoridad 88357
245 10 - MENCION DE TITULO [NR]
Título [NR] Riesgo cardiovascular de la mujer menopáusica
Mención de responsabilidad, etc. [NR] Enrique Melgarejo Rojas, Jaime Urdinola
260 ## - PUBLICACION, DISTRIBUCION, ETC. (PIE DE IMPRENTA) [R]
Lugar de publicación, distribución, etc. [R] Bogotá (Colombia)
Nombre del editor, distribuidor, etc. [R] Sociedad Colombiana de Cardiología y Cirugía Cardiovascular
-- Federación Colombiana de Asociaciones de Obstetricia y Ginecología
Fecha de publicación, distribución, etc. [R] 2010
300 ## - DESCRIPCION FISICA [R]
Extensión [R] 135 páginas
Otros detalles físicos [NR] ilustraciones
650 17 - ASIENTO SECUNDARIO DE MATERIA - TERMINO TEMATICO [R]
Término temático o nombre geográfico como elemento de entrada [NR] Enfermedades cardiovasculares
Subdivisión general [R] Prevención
9 (RLIN) 7564
650 27 - ASIENTO SECUNDARIO DE MATERIA - TERMINO TEMATICO [R]
Término temático o nombre geográfico como elemento de entrada [NR] Enfermedades cardiovasculares
Subdivisión general [R] Factores de riesgo
-- Prevención
9 (RLIN) 7564
650 27 - ASIENTO SECUNDARIO DE MATERIA - TERMINO TEMATICO [R]
Término temático o nombre geográfico como elemento de entrada [NR] Mujeres
Subdivisión general [R] Enfermedades
-- Prevención
9 (RLIN) 88488
650 27 - ASIENTO SECUNDARIO DE MATERIA - TERMINO TEMATICO [R]
Término temático o nombre geográfico como elemento de entrada [NR] Prevención de la salud
9 (RLIN) 49497
650 27 - ASIENTO SECUNDARIO DE MATERIA - TERMINO TEMATICO [R]
Término temático o nombre geográfico como elemento de entrada [NR] Menopausia
9 (RLIN) 19296
700 1# - ASIENTO SECUNDARIO - NOMBRE PERSONAL [R]
Nombre personal [NR] Urdinola, Jaime
9 (RLIN) 88489
942 ## - ELEMENTOS DE ENTRADA AGREGADOS (KOHA)
Sistema de clasificación NLM
Tipo de ítem principal el descrito en 300a Libro
Tema principal Medicina
Edición 1
Clasificación WG 120
Parte restante de la signatura top. M521rc
Título oculto en OPAC No
Existencias
Total préstamos Signatura topográfica Código de barras Última vez visto Ejemplar Costo de reposición Price effective from Tipo de ítem Perdido Sistema de clasificación Dañado No prestable Tipo de ítem específico Suprimido Ubicación habitual Ubicación actual Localización Fecha de creación Proveedor Forma de adquisición Costo
  WG 120 M521rc 100154764 01/12/2025 Ej.1 26000.00 30/10/2017 Libro   NLM     Libro   Fundación Cardioinfantil Fundación Cardioinfantil 1er piso 30/10/2017 12 Donación 0.00